National drinks of countries on a map - Statistics

General Stats
  • This quiz has been taken 151 times
  • The average score is 100 of 196
Answers on the Map
Answers color-coded by a green-red scale on the quiz's map according to % correct below.
 
Answer Stats
Hint Answer % Correct
USA Bourbon | Coca-Cola | Coffee
97%
Eritrea Coffee | Siwa beer | Tea | Tej
97%
Italy Chinotto | Espresso | Grappa | Spritz | Wine
96%
Dominican Republic Barceló | Coffee | Mama Juana | Morir soñando | Presidente beer
95%
Czech Republic Becherovka | Kofola | Pilsner beer
94%
Laos Beerlao | Lao-Lao
94%
Timor-Leste Bierra Leste | Coffee Timor
94%
South Africa Boeber | Springbokkie | Umqombothi
94%
Ireland Club Orange | Guinness | Irish whiskey
94%
Dominica Coconut rum punch | Kubuli beer
94%
Singapore Kopi | Milo dinosaur | Singapore Sling | Tiger beer
94%
Namibia Oshikundu | Beer
94%
Germany Fanta | German Beer | Spezi
93%
San Marino Biancale
92%
Niger Biere Niger
92%
Liechtenstein Blauburgunder
92%
Costa Rica Cacique Guaro | Imperial beer
92%
Georgia Chacha | Red wine
92%
Monaco Champagne
92%
El salvador Champagne cola | Pilsner beer
92%
Zimbabwe Chibuku Shake Shake beer
92%
Botswana Chibuku Shake Shake beer | Ginger beer
92%
Tanzania Coffee | Konyagi | Tea
92%
Luxembourg Crémant de Luxembourg
92%
Angola Cuca Beer
92%
Guatemala Gallo beer
92%
Netherlands Heineken beer | Jenever
92%
Portugal Port wine
92%
France Red wine
92%
Gabon Regab beer
92%
Philippines San Miguel beer
92%
Eswatini Sibebe beer
92%
Burundi | Rwanda Sorghum beer
92%
Japan Tea | Sake
92%
Armenia Ararat | Oghi | Wine
91%
Andorra Brandy | Wine
91%
Argentina Mate | Wine | Fernet con coca | Hesperidina
91%
Israel | Vatican City Wine
91%
Turkey Ayran | Raki | Tea
89%
Russia Kvass | Vodka
89%
Estonia Viru Valge vodka
89%
Poland Vodka
89%
Iran Aragh Sagi | Black tea | Doogh
87%
India Lassi | Masala chai | Tea
87%
China Tea | Baijiu
87%
Mauritania Tea | Zrig
87%
Iraq Arak | Coffee | Mint tea
86%
Azerbaijan Ayran | Black tea
86%
Senegal Bissap tea
86%
Egypt Black tea | Sugarcane juice
86%
Taiwan Bubble tea
86%
Algeria | Libya Coffee | Tea
86%
Kenya Dawa | Tea
86%
Indonesia Es teler | Tea
86%
Mali | Morocco | Tajikistan | Uzbekistan Green tea
86%
Chad Jus de Fruit | Tea
86%
Myanmar Lahpet yay
86%
Maldives Palm wine | Tea
86%
Afghanistan | Bangladesh | Brunei | +4 others Tea
86%
Sudan Tea | Araqi
86%
Malaysia Teh tarik
86%
Thailand Thai tea
86%
Bosnia and Herzegovina Rakija | coffee
83%
Belgium Belgian Beer
81%
Syria Arak | Coffee
79%
Ethiopia Coffee | Tej
79%
Australia | Bahrain | Colombia Coffee
78%
Central African Republic Karkanji | Coffee
78%
Jordan Arabic coffee | Arak
76%
Vietnam Iced coffee | Rice wine
76%
Kuwait | Oman | Qatar | +2 others Arabic coffee
75%
Yemen Arabic coffee | Naqe'e Al Zabib | Qishr
75%
Nauru Iced coffee
75%
Mexico Margarita | Tequila
63%
Mongolia Airag
57%
Kazakhstan Kumis
57%
Haiti Barbancourt
56%
Guinea-Bissau Cana de Cajeu
56%
Turkmenistan Chal
56%
Antigua and Barbuda | Madagascar | Saint Kitts and Nevis | St Lucia Rum
56%
Belize | Grenada | Jamaica Rum Punch
56%
Venezuela Rum | Tizana
56%
Panama Seco Herrerano
56%
Mozambique Tipo Tinto
56%
Uganda Waragi
49%
Sweden Akvavit | Brännvin | Champis | Julmust | Pommac | Punsch
45%
Denmark Akvavit | Brännvin | Gammel Dansk
43%
Bolivia Chuflay | Singani
41%
Moldova Divin
40%
Hungary Pálinka
39%
Iceland Appelsín | Brennivín
38%
Comoros Singani
38%
Romania Țuică
38%
Uruguay Amarga | Grappamiel | Mate
35%
North Macedonia Boza | Rakija
34%
Paraguay Mate
33%
Albania Raki
33%
Bulgaria Rakia
33%
Kosovo Rakia | Semoj
33%
Montenegro | Serbia Rakija
33%
Croatia Rakija | Pelinkovac
33%
Spain Mirinda | Sangria
32%
Greece Ouzo
30%
Cyprus Ouzo | Zivania
30%
Saint Vincent and the Grenadines Apple Juice
28%
Lithuania Gira | Midus
26%
North Korea | South Korea Soju
18%
Bhutan Ara
17%
Cuba Daiquiri | Cuba Libre | Mojito
17%
Ukraine Horilka | Kvass
17%
Brazil Caipirinha
15%
Norway Akvavit | Solo
13%
Slovakia Borovička | Kofola
12%
Slovenia Cockta
11%
Marshall Islands | Palau Coconut Water
11%
Lebanon Arak
9%
Peru Pisco sour
8%
Chile Pisco sour | Piscola
8%
South Sudan Araqi
5%
Gambia Ginger Beer
5%
Liberia Ginger beer
5%
Equatorial Guinea | Guinea Malamba Juice
5%
Ghana | Ivory Coast | Nigeria | +2 others Palm wine
5%
Benin Sodabi
5%
Ecuador Chicha | Pinol
4%
Kiribati Karewe
4%
Fiji | Papua New Guinea | Samoa | +4 others Kava Kava
4%
Cambodia | Togo Palm wine
4%
Pakistan Sugarcane juice
4%
Austria Almdudler
3%
Canada Caesar
3%
Micronesia Kava Kava
3%
Honduras Pinol
3%
New Zealand Lemon & Paeroa
2%
Finland Lonkero
2%
Nicaragua Macuá
2%
Barbados | Guyana Mauby
2%
Switzerland Rivella | Schweppes
2%
Bahamas Switcha
2%
Belarus Byarozavik
1%
Cape Verde Grogue
1%
Djibouti Kabisa
1%
Suriname Kasiri
1%
Democratic Republic of the Congo | Republic of the Congo Lotoko
1%
Zambia Munkoyo
1%
Cameroon Odontol
1%
Latvia Riga Black Balsam
1%
Burkina Faso Zoomkoom
1%
Mauritius Alouda
0%
Seychelles Buka
0%
Kyrgyzstan Jarma | Maksym
0%
Malta Kinnie
0%
Trinidad and Tobago Queen's Park Swizzle
0%
Nepal Raksi
0%
Malawi Thobwa
0%
Lesotho Tholoana
0%
No matching quizzes found
Score Distribution
Percent of People with Each Score
Percentile by Number Answered
Your Score History
You have not taken this quiz